000 00580nam a22001817a 4500
005 20251108164647.0
008 250721s1977 xx 000 0 ara d
082 1 4 _a291/أحم
100 1 _aالسقا، أحمد حجازي
245 1 0 _aالمسيح المنتظر نبي الإسلام صلى الله عليه و سلم /
264 1 _aالقاهره :
_bمكتبة الثقافه الدينيه،
_c1977.
300 _a285ص.
650 1 7 _aالديانات المقارنة
650 1 7 _aالنبوة
650 1 7 _aالتوراه
942 _2ddc
_cBK
999 _c11175
_d11175